A perc̕ia judicial Como redigir laudos e argumentar dialeticamente 4a Ediȯ̂ /

Bibliographic Details
Main Author: Fiker, Još
Format: eBook
Published: Sô Paulo: LEUD, 2013.
Subjects:
Online Access:Acceso restringido

MARC

LEADER 00000nam a22000007a 4500
005 20161019154036.0
007 cr|||| ||u|
008 161019s2013 Bl |||||o|||| 001 0 Por d
020 |a 978-85-7456-289-6 
035 |a 14416 
040 |a vLex 
090 |c 6306  |d 6306 
100 1 |a Fiker, Još 
245 1 |a A perc̕ia judicial  |h [Recurso electrn̤ico] :  |b Como redigir laudos e argumentar dialeticamente 4a Ediȯ̂ /  |c Jos ̌Fiker. 
256 |a Servicio en ln̕ea 
260 |a Sô Paulo:  |b LEUD,  |c 2013. 
300 |a 1 Recurso electrn̤ico 
506 1 |a Disponible en los productos indicados  |d vLex Global  |d vLex Global (Academic Edition, excluding Law Schools)  |d vLex Global (U.S. Academic Edition, Law Schools)  |d vLex Global (U.S. Academic Edition, excluding Law Schools)  |d vLex Global (Academic Edition, Law Schools) 
650 0 4 |a Informes  |z Brasil 
650 0 4 |a Derecho procesal  |z Brasil 
740 0 |a vLex libros (servicio en ln̕ea) 
856 4 0 |u http://vlex.com/source/pericia-judicial-como-redigir-laudos-e-argumentar-dialeticamente-4a-edi-o-14416  |z Acceso restringido 
942 |c BOOK 
999 0 |a Report writing